| 000 | 00000nam 2200000za 4500 |
| 001 | 9.841076 |
| 003 | CaOODSP |
| 005 | 20221107152011 |
| 007 | cr ||||||||||| |
| 008 | 170804s1965 oncad o f000 0 eng d |
| 040 | |aCaOODSP|beng |
| 041 | |aeng|bfre |
| 043 | |an-cn--- |
| 086 | 1 |aM34-20/57E-PDF |
| 100 | 1 |aGoodman, R. H. |
| 245 | 12|aA slime level indicator |h[electronic resource] / |cby R.H. Goodman. |
| 260 | |a[Ottawa : |bQueen's Printer, |c1965] |
| 300 | |aiii, 8 p. : |bcharts, ill. |
| 490 | 1 |aTechnical bulletin ; |vTB 57 |
| 500 | |aCaption title. |
| 500 | |aImperfect copy: cover missing. |
| 500 | |aDigitized edition from print [produced by Natural Resources Canada]. |
| 520 | 3 |a“A simple method of detecting the slime level in a thickening tank is described. The detector uses optical transmission techniques and simple associated electronic circuitry. The unit has been tested and found to perform satisfactorily"--Abstract, p. i. |
| 546 | |aIncludes abstract in French. |
| 692 | 07|2gccst|aMetals |
| 692 | 07|2gccst|aMinerals |
| 692 | 07|2gccst|aProcessing |
| 710 | 1 |aCanada. |bNatural Resources Canada. |
| 710 | 1 |aCanada. |bMines Branch. |
| 830 | #0|aTechnical bulletin (Canada. Dept. of Energy, Mines and Resources. Mines Branch)|vTB 57|w(CaOODSP)9.834857 |
| 856 | 40|qPDF|s146 KB|uhttps://publications.gc.ca/collections/collection_2017/rncan-nrcan/M34-20/M34-20-57-eng.pdf |
| 986 | |a299944 |